| 000 | 00926nam a22002177a 4500 | ||
|---|---|---|---|
| 003 | OSt | ||
| 005 | 20260213084526.0 | ||
| 008 | 231006b ||||| |||| 00| 0 eng d | ||
| 040 | _c0 | ||
| 082 | _aDPer 647.95 J826 January-December 2020 v. 23 n. 1-6 | ||
| 100 |
_aVerma, Pranay. _eauthor. _949539 |
||
| 245 |
_aThe effect of presentation, product availability and ease upon transaction reliability for online food delivery aggregator applications : _bmoderated mediated model / _cPranay Verma. |
||
| 260 |
_aUSA ; _bTaylor & Francis Group , _cJuly-August 2020. |
||
| 300 |
_aVolume 23, pages 285-304 : _billustration ; _c26 cm. |
||
| 500 | _aJournal of Food Service Business Research, vol. 23, no. 4, pages 285-304, July-August 2020. | ||
| 650 |
_aFood service. _949540 |
||
| 650 | 0 |
_aProduct presentation. _967118 |
|
| 650 | 0 |
_aProduct availability. _967119 |
|
| 700 |
_aVerma, Pranay. _eauthor. _949539 |
||
| 942 |
_2ddc _cPER |
||
| 999 |
_c18321 _d18321 |
||